000 00562nam#a22002295a#4500
001 2501
245 1 0 _aViento Caribe /
_cEduardo Dalter.
250 _a1ª edic.
260 _aBuenos Aires :
_bLeviatán,
_c2014.
300 _a96 p. ;
_c20 cm.
500 _aColección Juan Gelman.
020 _a9789875142879
100 1 _aDalter, Eduardo.
080 _a82-1
084 _aD14
653 _aPoesía Argentina
040 _aAR-ClEAG
_cAR-ClEAG
008 141110s2014####ag############000#0#und#d
005 20241107184746.0
003 AR-ClEAG
942 _cBK
999 _c2501
_d2501
980 _62
_aEvangelina Gallicchio
_82
_gEvangelina Gallicchio